000 02324nam a2200373 i 4500
003 DO-SdBNP
005 20250307094247.0
007 ta
008 220722t2001 dr ad||fr|||| 001 0 spa d
020 _a9993430129
040 _aDO-SdBNP
_bspa
_cBNPHU
_erda
082 4 _bR121p
_222
245 0 0 _aRacionalización presupuestaria y política de gasto público /
_ceditores, Andrés Dauhajre, hijo, Jaime Aristy, Rita Mena Peguero, Arturo Méndez Gómez y Héctor Salcedo Llibre.
264 4 _aSanto Domingo :
_bFundación Economía y Desarrollo,
_c2001
300 _a534 páginas :
_bIlustraciones, gráficas ;
_c27
336 _2rdacontent
_atexto
_btxt
337 _2rdamedia
_asin mediación
_bn
338 _2rdacarrier
_avolumen
_bnc
504 _aBibliografía: p. 534
505 _aPresentación.
_tCapítulo I: Magnitud del Gasto Público global y Social.--
_tCapítulo I: Análisis del Gasto en Programas de la Presidencia de la República.--
_tCapítulo III: Análisis del Gasto en la Secretaría de Estado de Educación y Cultura.--
_tCapítulo IV: Análisis del Gasto en la Secretaría de Estado de Salud y Asistencia Social.--
_tCapítulo V: Análisis del Gasto en la Secretaría de Estado de Agricultura.--
_tCapítulo VI: Análisis del Gasto en la Secretaría de Estado de Obras Públicas y Comunicaciones.--
_tCapítulo VII: Los Programas Sociales en la República Dominicana: Análisis del Gasto Social y Recomendaciones Metodológicas para Evaluar su Efectividad.--
_tCapítulo IV: Análisis del Gasto en la Secretaría de Estado de Salud y Asistencia Social.--
_tBibliografía: página 534
590 _aInventariado 2024 / MF
650 4 _979139
_aPolítica de gastos públicos
_zRepública Dominicana
651 4 _944663
_aRepública Dominicana
_xGastos Presupustarios Público
_y2001
700 1 _aDauhajre, Andrés
_eeditor
_96000
700 1 _aAristy, Jaime,
_eeditor
_910421
700 1 _aMena Peguero, Rita,
_eeditor
_910382
700 1 _aMéndez Gómez, Arturo,
_eeditor
_910423
700 1 _aSalcedo Llibre, Héctor
_eeditor
_910424
710 2 _aBanco Central de la República Dominicana
_eed.
_983405
710 _aEstados Unidos .
_b Agency for International Development
_983946
710 1 4 _aRepublica Dominicana.
_bOficina Nacional de Planificación.
_970392
910 _aMFeliz
942 _2ddc
_cLBS1
999 _c52216
_d52216